| 000 | 00501nam a2200157 i 4500 | ||
|---|---|---|---|
| 001 | 63194 | ||
| 003 | ES-MaACL | ||
| 005 | 20230906164814.0 | ||
| 007 | t| | ||
| 008 | 031202s1941 pe ||||1| spa d | ||
| 100 | 1 |
_aFerrando, José. _950282 |
|
| 245 | 1 | 0 |
_aPanorama hacia el alba _b: novela síntesis peruana / _cJosé Ferrando. |
| 260 |
_aLima : _b[s.n., _c1941] ( _fTall. Graf. de la Cia. editora "El Universal") |
||
| 300 |
_a204 p. : _bret. aut. ; _c21 cm. |
||
| 852 |
_aES-MaACL _jB-12800 _bR.26588 |
||
| 999 |
_c63194 _d63194 |
||